| 000 | 00992cam a2200265 a 4500 | ||
|---|---|---|---|
| 001 | 000005762 | ||
| 005 | 20200929151756.0 | ||
| 008 | 820116s1978 uy 000 0 spa d | ||
| 040 |
_aDO-SdBNP _cDLC _dDLC |
||
| 082 |
_aU861.1 _bA189d |
||
| 100 | 1 |
_aAcuña de Figueroa, Francisco Esteban, _d1791-1862 _916319 |
|
| 245 | 1 | 0 |
_aDiario histórico del sitio de Montevideo en los años 1812-13-14 / _cFrancisco Acuña de Figueroa ; prólogo de Roger Basagoda. |
| 260 |
_aMontevideo : _bMinisterio de Educación y Cultura, _c1978. |
||
| 300 |
_a2 v. ; _c19 cm. |
||
| 490 | 1 | _aBiblioteca Artigas | |
| 490 | 1 |
_aClásicos uruguayos _v157-158 |
|
| 650 | 4 |
_aPoesía uruguaya _93846 |
|
| 650 | 4 |
_aLiteratura uruguaya _93054 |
|
| 651 | 4 |
_aMontevideo (Uruguay{Rpara} _xHistoria _y1812-1814 _xPoesía _916320 |
|
| 700 | 1 |
_aBasagoda, Roger, _epról. _916321 |
|
| 830 | 0 |
_aClásicos uruguayos ; _v157-158 _916278 |
|
| 830 | 0 |
_aBiblioteca Artigas _916279 |
|
| 910 | _aCatalogación por copia / LC | ||
| 910 | _aWM | ||
| 999 |
_c5558 _d5558 |
||